000 00424cam a2200157ua 4500
003 OSt
008 250101b |||||||| |||| 00| 0 eng d
041 _aeng
082 _a621.37
_bTAR/FI
100 _aTarasevieh, .
_96705
245 _aFits tolerances and engineering measurement /
260 _aMoscow :
_bForeign Language Publishing House ,
_c1992.
300 _a161 ; .
700 1 _aYavoish, E .
_96706
942 _cBK
999 _c9366
_d9366